000 00345nam a22001577a 4500
003 AR-RoIUNI
005 20250731085225.0
008 250731b |||||||| |||| 00| 0 spa d
040 _cIUNIR
080 _a616.314.018.1
100 _aAbout, Imad
245 _aBiodentine
650 _2Odontologia
650 _2Endodooncia
942 _2cdu
_cBK
999 _c6167
_d6167